Opening Pandora's box - the method of measurement for highway works (MMHM): Part 8 - in the beginning (Record no. 74774)
[ view plain ]
| 000 -LEADER | |
|---|---|
| fixed length control field | 01719cab a2200265 4500 |
| 001 - CONTROL NUMBER | |
| control field | ABS68677 |
| 008 - FIXED-LENGTH DATA ELEMENTS--GENERAL INFORMATION | |
| fixed length control field | 050128n2005 000 0 eng u |
| 035 ## - SYSTEM CONTROL NUMBER | |
| System control number | (Sirsi) u128655 |
| 100 ## - MAIN ENTRY--PERSONAL NAME | |
| Personal name | Mitchell, H. |
| 245 ## - TITLE STATEMENT | |
| Title | Opening Pandora's box - the method of measurement for highway works (MMHM): Part 8 - in the beginning |
| 260 ## - PUBLICATION, DISTRIBUTION, ETC. | |
| Date of publication, distribution, etc. | 2005 |
| 490 ## - SERIES STATEMENT | |
| Series statement | Civil Engineering Surveyor |
| Volume/sequential designation | December 2004-January 2005, 37-39(3) |
| 520 ## - SUMMARY, ETC. | |
| Summary, etc. | Describes the use of preliminary clauses in construction, which serve as a general introduction to the bill of quantities. Comments that in building contracts they describe the work in general, provide information on the contractor's obligations and restrictions imposed by the employer. They often also provide provision for the costing of items which do not form part of the permanent works, such as site offices. Compares the different approaches of CESMM and MMHW to measuring these costings. Illustrates the problem of a preliminaries rogue item with an example involving temporary works. Suggests describing such an item in general terms and following the layout, unit of measurement, wording and phrases of the published method of measurement. (See also Abs67770, Abs67769, Abs67964, Abs68163, Abs68280, Abs68473). |
| 590 ## - LOCAL NOTE (RLIN) | |
| Local note | ABS |
| 650 ## - SUBJECT ADDED ENTRY--TOPICAL TERM | |
| Topical term or geographic name entry element | BUILT ENVIRONMENT-QUANTITY SURVEYING-METHOD OF MEASUREMENT FOR HIGHWAY WORKS |
| 650 ## - SUBJECT ADDED ENTRY--TOPICAL TERM | |
| Topical term or geographic name entry element | HIGHWAY ENGINEERING |
| 650 ## - SUBJECT ADDED ENTRY--TOPICAL TERM | |
| Topical term or geographic name entry element | BUILT ENVIRONMENT-QUANTITY SURVEYING-CIVIL ENGINEERING STANDARD METHOD OF MEASUREMENT |
| 650 ## - SUBJECT ADDED ENTRY--TOPICAL TERM | |
| Topical term or geographic name entry element | METHODS OF MEASUREMENT |
| 650 ## - SUBJECT ADDED ENTRY--TOPICAL TERM | |
| Topical term or geographic name entry element | CIVIL ENGINEERING |
| 650 ## - SUBJECT ADDED ENTRY--TOPICAL TERM | |
| Topical term or geographic name entry element | PRELIMINARIES |
| 650 ## - SUBJECT ADDED ENTRY--TOPICAL TERM | |
| Topical term or geographic name entry element | BILLS OF QUANTITIES |
| 650 ## - SUBJECT ADDED ENTRY--TOPICAL TERM | |
| Topical term or geographic name entry element | MMRW |
| 690 ## - LOCAL SUBJECT ADDED ENTRY--TOPICAL TERM (OCLC, RLIN) | |
| Topical term or geographic name as entry element | Quantity surveying |
| 9 (RLIN) | 6263 |
| 942 ## - ADDED ENTRY ELEMENTS (KOHA) | |
| Suppress in OPAC | 0 |
| Withdrawn status | Lost status | Source of classification or shelving scheme | Damaged status | Not for loan | Home library | Current library | Shelving location | Date acquired | Total Checkouts | Full call number | Barcode | Date last seen | Copy number | Price effective from | Koha item type |
|---|---|---|---|---|---|---|---|---|---|---|---|---|---|---|---|
| Dewey Decimal Classification | London | London | Journal article | 28/01/2005 | ABS68677 | 128655-1001 | 06/08/2019 | 1 | 06/08/2019 | Journal article |